000 00732nam a2200265 i 4500
001 bg
100 1 _aFLOWER, John
245 1 0 _aPhrasal verb organiser :
_bwith mini-dictionary /
_cJohn Flower ; ed. Jimmie Hill.
250 _aRepr.
260 _aHove :
_bLTP,
_c2000.
300 _a144 s. :
_brys. ;
_c25 cm.
490 1 _aLTP Language
650 9 _aJęzyk angielski
_xfrazeologia
655 _aPodręczniki
700 1 _aHILL, John.
_eRed.
830 _aLTP Language
020 _a0906717620
040 _cBPK
041 _apol
080 _a811.111'373.7(07)
920 _a0-906717-62-0
942 _cKS
008 s pl f |000 0 pol
999 _c40375
_d40375